| 000 | 00985nam a2200265 i 4500 | ||
|---|---|---|---|
| 001 | 105921 | ||
| 003 | ES-MaACL | ||
| 005 | 20250912063047.0 | ||
| 007 | t| | ||
| 008 | 060913s1961 mx ||||1| spa d | ||
| 080 | _a32(497.1)"1945/80" | ||
| 100 | 1 |
_aDjordjevich, Jovan. _944920 |
|
| 245 | 1 | 0 |
_aYugoslavia, democracia socialista / _cJovan Djordjevich ; prefacio de Marcel Prélot ; [traducción de Julieta Campos y Enrique González Pedrero]. |
| 250 | _a1ª ed. en español. | ||
| 260 |
_aMéxico : _bFondo de Cultura Económica, _c1961. |
||
| 300 |
_a266 p. ; _c17 cm. |
||
| 490 | 1 |
_aColección popular (Fondo de Cultura Económica) ; _v23. _9241328 |
|
| 651 | 4 |
_aYugoslavia- _xPolítica y gobierno- _y1945-1980. _99549 |
|
| 700 | 1 |
_aPrélot, Marcel. _993753 |
|
| 700 | 1 |
_aCampos, Julieta, _d1932-2007 _9234944 |
|
| 700 | 1 |
_aGonzález Pedrero, Enrique. _958866 |
|
| 852 | 4 |
_aES-MaACL _jAND-941 _zBiblioteca Juan Andrade |
|
| 942 | _2udc | ||
| 999 |
_c105921 _d105921 |
||